header

Physics for Scientists and Engineers (Record no. 251134)

MARC details
000 -LEADER
fixed length control field 00281nam a22001217a 4500
020 ## - INTERNATIONAL STANDARD BOOK NUMBER
ISBN 0131418831
100 ## - MAIN ENTRY--AUTHOR NAME
Personal name Paul M. Fishbane
245 ## - TITLE STATEMENT
Title Physics for Scientists and Engineers
250 ## - EDITION STATEMENT
Edition statement 3rd ed
260 ## - PUBLICATION, DISTRIBUTION, ETC. (IMPRINT)
Place of publication USA
Name of publisher Pearson Prentica Hall
Year of publication 2005
300 ## - PHYSICAL DESCRIPTION
Number of Pages 607
942 ## - ADDED ENTRY ELEMENTS (KOHA)
Koha item type Long Loan Books
Holdings
Withdrawn status Lost status Collection code Home library Current library Shelving location Date acquired Full call number Accession Number Koha item type
    Non-fiction Rongo University Library Rongo University Library General Stacks 10/11/2015 QC23.2.F58 2005 20153402 Long Loan Books

© 2026 Rongo University
Contact us: librarian | system librarian | Rongo university